000
00329nam a22001337a 4500
008
250402b |||||||| |||| 00| 0 eng d
020
_a
0761949941
050
_a
HD96.F73
100
_a
ANNE Cranny Francis
245
_a
Multimedia Texts and Contexts
260
_a
Britain
_b
Sage Publication
_c
2005
300
_a
196p.
942
_c
BK
999
_c
2798
_d
2798